| 000 | 00711nam a22002057a 4500 | ||
|---|---|---|---|
| 003 | BD-DhUL | ||
| 005 | 20230507105218.0 | ||
| 008 | 230328s2018 bg |||| |||| 00| 0 ben | ||
| 020 | _a9789848058220 (hbk) | ||
| 040 |
_aBD-DhUL _cBD-DhUL |
||
| 082 |
_a891.443 _bJAN |
||
| 100 | 1 | _aজব্বার, মোস্তফা | |
| 245 | 0 | 0 |
_aনক্ষত্রের অঙ্গার / _cমোস্তফা জব্বার । |
| 260 |
_aঢাকা : _bতাম্রলিপি, _c২০১৮ । |
||
| 300 |
_a১১২ পৃ. ; _c২২ সেমি. |
||
| 365 |
_aBDT _b200.00 |
||
| 650 | 4 | _aবাংলা উপন্যাস । | |
| 650 | 4 | _aBengali fiction. | |
| 942 |
_2ddc _cBK |
||
| 999 |
_c258166 _d258166 |
||